[Event "Wolrd Chess Olympiad 2018"]
[Site "Batumi"]
[Date "2018.09.27"]
[Round "4"]
[Board "3"]
[WhiteFideId "9100032"]
[White "Marko Helmut"]
[BlackFideId "31900291"]
[Black "dos Reis Tito"]
[Result "1-0"]
[LiveChessVersion "1.4.8"]
[BlackElo "1627"]
[WhiteElo "1902"]

1. d4 {[%clk 1:30:50]} Nf6 {[%clk 1:30:31]} 2. Nf3 {[%clk 1:31:03]} h6
{[%clk 1:30:30]} 3. Bf4 {[%clk 1:29:41]} e6 {[%clk 1:30:32]} 4. e3
{[%clk 1:28:46]} d5 {[%clk 1:30:45]} 5. h3 {[%clk 1:28:16]} c6 {[%clk 1:30:56]}
6. Nbd2 {[%clk 1:28:07]} a6 {[%clk 1:30:47]} 7. Bd3 {[%clk 1:27:41]} Qb6
{[%clk 1:30:54]} 8. Rb1 {[%clk 1:27:38]} Nbd7 {[%clk 1:30:52]} 9. O-O
{[%clk 1:27:41]} c5 {[%clk 1:31:00]} 10. c4 {[%clk 1:26:08]} Bd6 {[%clk 1:29:47]}
11. cxd5 {[%clk 1:22:45]} Nxd5 {[%clk 1:29:41]} 12. Nc4 {[%clk 1:22:36]} Qd8
{[%clk 1:26:32]} 13. Nxd6+ {[%clk 1:20:54]} Ke7 {[%clk 1:26:30]} 14. Bg3
{[%clk 1:20:05]} b5 {[%clk 1:25:49]} 15. Ne5 {[%clk 1:11:16]} Nxe5
{[%clk 1:25:33]} 16. dxe5 {[%clk 1:11:01]} f5 {[%clk 1:18:38]} 17. exf6+
{[%clk 1:10:50]} Nxf6 {[%clk 1:18:29]} 18. Bg6 {[%clk 1:04:34]} Rf8
{[%clk 1:16:38]} 19. Qc2 {[%clk 1:00:03]} Qb6 {[%clk 1:15:19]} 20. Rfd1
{[%clk 0:59:40]} Bd7 {[%clk 1:14:23]} 21. Ne4 {[%clk 0:58:02]} Rfc8
{[%clk 1:00:52]} 22. Bd6+ {[%clk 0:56:15]} Kd8 {[%clk 1:00:42]} 23. Bxc5
{[%clk 0:56:09]} Qc7 {[%clk 0:58:44]} 24. b4 {[%clk 0:55:21]} Qe5
{[%clk 0:54:48]} 25. Nxf6 {[%clk 0:54:05]} Qxf6 {[%clk 0:50:21]} 26. Qd3
{[%clk 0:54:14]} Rc7 {[%clk 0:49:15]} 27. Bb6 {[%clk 0:54:22]} Qe7
{[%clk 0:48:47]} 28. Rbc1 {[%clk 0:52:15]} Raa7 {[%clk 0:47:00]} 29. Rxc7
{[%clk 0:52:08]} Rxc7 {[%clk 0:47:04]} 30. Qc3 {[%clk 0:51:56]} Qf8
{[%clk 0:39:18]} 31. Qxc7+ {[%clk 0:51:55]} Ke7 {[%clk 0:39:35]} 32. Bc5+
{[%clk 0:51:55]} Kf6 {[%clk 0:39:48]} 33. Bxf8 {[%clk 0:52:04]} Kxg6
{[%clk 0:40:08]} 1-0

[Event "Wolrd Chess Olympiad 2018"]
[Site "Batumi"]
[Date "2018.09.27"]
[Round "4"]
[Board "1"]
[WhiteFideId "16600037"]
[White "Montel Jr Cyril Tomas"]
[BlackFideId "22600078"]
[Black "Barcon Harmon"]
[Result "0-1"]
[LiveChessVersion "1.4.8"]
[BlackElo "1896"]
[WhiteElo "1882"]

1. d4 {[%clk 1:30:51]} d5 {[%clk 1:30:57]} 2. c4 {[%clk 1:31:13]} e6
{[%clk 1:31:25]} 3. Nc3 {[%clk 1:31:08]} Nf6 {[%clk 1:31:51]} 4. Bg5
{[%clk 1:31:29]} Be7 {[%clk 1:32:14]} 5. e3 {[%clk 1:31:09]} O-O {[%clk 1:31:33]}
6. Bd3 {[%clk 1:31:29]} Nbd7 {[%clk 1:31:18]} 7. Nge2 {[%clk 1:31:28]} Re8
{[%clk 1:31:38]} 8. O-O {[%clk 1:31:39]} Nf8 {[%clk 1:31:42]} 9. Qc2
{[%clk 1:29:25]} c6 {[%clk 1:30:44]} 10. Rad1 {[%clk 1:27:17]} Qa5
{[%clk 1:27:26]} 11. c5 {[%clk 1:26:32]} N6d7 {[%clk 1:23:51]} 12. Bxe7
{[%clk 1:25:06]} Rxe7 {[%clk 1:24:06]} 13. f4 {[%clk 1:25:15]} f6
{[%clk 1:24:28]} 14. Rf3 {[%clk 1:21:21]} e5 {[%clk 1:24:25]} 15. fxe5
{[%clk 1:21:16]} fxe5 {[%clk 1:24:51]} 16. Bf5 {[%clk 1:20:31]} e4
{[%clk 1:20:53]} 17. Rf4 {[%clk 1:17:15]} Nf6 {[%clk 1:20:46]} 18. Rdf1
{[%clk 1:16:37]} Qc7 {[%clk 1:17:26]} 19. Ng3 {[%clk 1:15:51]} Ne6
{[%clk 1:14:41]} 20. Bxe6+ {[%clk 1:10:50]} Bxe6 {[%clk 1:14:59]} 21. Nf5
{[%clk 1:10:23]} Bxf5 {[%clk 1:15:04]} 22. Rxf5 {[%clk 1:10:41]} Ng4
{[%clk 1:15:23]} 23. g3 {[%clk 0:54:07]} Nxe3 {[%clk 1:14:52]} 24. Qf2
{[%clk 0:54:20]} Nxf1 {[%clk 1:14:38]} 25. Kxf1 {[%clk 0:44:54]} Rf7
{[%clk 1:13:51]} 26. Ke1 {[%clk 0:41:58]} Raf8 {[%clk 1:13:29]} 27. Rxf7
{[%clk 0:40:14]} Qxf7 {[%clk 1:13:54]} 28. Qxf7+ {[%clk 0:39:49]} Rxf7
{[%clk 1:14:14]} 29. Nd1 {[%clk 0:39:02]} Rf3 {[%clk 1:14:24]} 30. Ke2
{[%clk 0:39:16]} b6 {[%clk 1:14:44]} 31. cxb6 {[%clk 0:32:46]} axb6
{[%clk 1:15:00]} 32. Ne3 {[%clk 0:32:07]} h5 {[%clk 1:14:46]} 33. b4
{[%clk 0:31:31]} Rf7 {[%clk 1:15:07]} 34. b5 {[%clk 0:30:59]} cxb5
{[%clk 1:09:35]} 35. Nxd5 {[%clk 0:31:11]} Rd7 {[%clk 1:09:27]} 36. Nxb6
{[%clk 0:28:25]} Rxd4 {[%clk 1:09:07]} 37. Ke3 {[%clk 0:28:27]} Rd6
{[%clk 1:04:34]} 38. Nc8 {[%clk 0:28:55]} Ra6 {[%clk 1:04:15]} 39. Kxe4
{[%clk 0:27:20]} Rxa2 {[%clk 1:04:27]} 40. Nd6 {[%clk 0:57:16]} b4
{[%clk 1:34:32]} 41. h4 {[%clk 0:57:27]} b3 {[%clk 1:34:55]} 42. Kd3
{[%clk 0:57:32]} Rc2 {[%clk 1:35:11]} 43. Nb5 {[%clk 0:56:44]} Rg2
{[%clk 1:35:26]} 44. Na3 {[%clk 0:55:55]} Rxg3+ {[%clk 1:35:40]} 45. Kd2
{[%clk 0:56:02]} b2 {[%clk 1:35:56]} 46. Nb1 {[%clk 0:56:17]} Rg4
{[%clk 1:36:07]} 47. Kc2 {[%clk 0:56:34]} Rxh4 {[%clk 1:36:25]} 48. Kxb2
{[%clk 0:56:59]} Rb4+ {[%clk 1:36:35]} 49. Kc2 {[%clk 0:57:27]} Rxb1
{[%clk 1:36:56]} 50. Kxb1 {[%clk 0:57:50]} h4 {[%clk 1:37:15]} 0-1

[Event "Wolrd Chess Olympiad 2018"]
[Site "Batumi"]
[Date "2018.09.27"]
[Round "4"]
[Board "2"]
[WhiteFideId "22600124"]
[White "Jacob Jallah"]
[BlackFideId "16601661"]
[Black "Tan Santiago Jr"]
[Result "1-0"]
[LiveChessVersion "1.4.8"]
[BlackElo "1823"]
[WhiteElo "1835"]

1. c4 {[%clk 1:30:42]} d6 {[%clk 1:30:31]} 2. Nc3 {[%clk 1:30:48]} e6
{[%clk 1:30:48]} 3. g3 {[%clk 1:31:03]} Ne7 {[%clk 1:30:54]} 4. Bg2
{[%clk 1:31:18]} Nd7 {[%clk 1:31:07]} 5. d4 {[%clk 1:31:36]} Ng6 {[%clk 1:31:14]}
6. Nf3 {[%clk 1:30:18]} Be7 {[%clk 1:31:03]} 7. h4 {[%clk 1:29:44]} c6
{[%clk 1:27:08]} 8. h5 {[%clk 1:29:48]} Ngf8 {[%clk 1:27:15]} 9. h6
{[%clk 1:28:58]} g6 {[%clk 1:27:35]} 10. e4 {[%clk 1:28:42]} e5 {[%clk 1:27:02]}
11. d5 {[%clk 1:27:48]} c5 {[%clk 1:27:06]} 12. Qd3 {[%clk 1:26:47]} Nb6
{[%clk 1:26:38]} 13. a4 {[%clk 1:26:31]} Bd7 {[%clk 1:25:42]} 14. a5
{[%clk 1:26:40]} Nc8 {[%clk 1:26:06]} 15. b3 {[%clk 1:26:45]} a6 {[%clk 1:25:16]}
16. Bd2 {[%clk 1:23:31]} Na7 {[%clk 1:22:43]} 17. Nd1 {[%clk 1:23:01]} Bg4
{[%clk 1:21:46]} 18. b4 {[%clk 1:22:29]} Nd7 {[%clk 1:21:57]} 19. b5
{[%clk 1:22:08]} O-O {[%clk 1:21:54]} 20. b6 {[%clk 1:21:47]} Nc8
{[%clk 1:22:17]} 21. Nh2 {[%clk 1:21:07]} Bxd1 {[%clk 1:22:30]} 22. Rxd1
{[%clk 1:20:59]} Bf6 {[%clk 1:19:02]} 23. Bh3 {[%clk 1:20:36]} Re8
{[%clk 1:18:58]} 24. Qf3 {[%clk 1:20:19]} Be7 {[%clk 1:16:14]} 25. O-O
{[%clk 1:17:56]} f6 {[%clk 1:12:01]} 26. Be6+ {[%clk 1:14:47]} Kh8
{[%clk 1:12:15]} 27. Bf7 {[%clk 1:15:04]} Rf8 {[%clk 1:12:00]} 28. Be6
{[%clk 1:15:27]} Qe8 {[%clk 1:11:20]} 29. Qg4 {[%clk 1:15:22]} f5
{[%clk 1:10:21]} 30. exf5 {[%clk 1:14:46]} Nf6 {[%clk 1:10:31]} 31. Qh3
{[%clk 1:10:36]} gxf5 {[%clk 1:10:05]} 32. Qxf5 {[%clk 1:08:23]} Qh5
{[%clk 1:05:27]} 33. g4 {[%clk 1:00:06]} Qg6 {[%clk 1:04:07]} 34. f4
{[%clk 0:56:03]} Qxf5 {[%clk 1:01:21]} 35. Bxf5 {[%clk 0:55:51]} exf4
{[%clk 0:54:01]} 36. g5 {[%clk 0:55:12]} Nh5 {[%clk 0:52:02]} 37. Bc3+
{[%clk 0:55:12]} Bf6 {[%clk 0:43:22]} 38. gxf6 {[%clk 0:55:28]} Nxf6
{[%clk 0:43:27]} 39. Ng4 {[%clk 0:55:46]} Ne7 {[%clk 0:31:32]} 40. Be6 Neg8
{[%clk 0:58:21]} 41. Nxf6 {[%clk 1:24:02]} Nxh6 {[%clk 0:58:08]} 42. Nh5+
{[%clk 1:24:13]} 1-0

[Event "Wolrd Chess Olympiad 2018"]
[Site "Batumi"]
[Date "2018.09.27"]
[Round "4"]
[Board "3"]
[WhiteFideId "16601491"]
[White "Salvadora Angelo"]
[BlackFideId "22600094"]
[Black "Thomas Saah"]
[Result "0-1"]
[LiveChessVersion "1.4.8"]
[BlackElo "1791"]
[WhiteElo "1772"]

1. e4 {[%clk 1:28:53]} c5 {[%clk 1:30:46]} 2. Bc4 {[%clk 1:28:11]} Nc6
{[%clk 1:30:54]} 3. Qf3 {[%clk 1:26:05]} Ne5 {[%clk 1:31:11]} 4. Qb3
{[%clk 1:25:42]} Nxc4 {[%clk 1:31:39]} 5. Qxc4 {[%clk 1:25:43]} e6
{[%clk 1:32:05]} 6. Nf3 {[%clk 1:25:03]} b6 {[%clk 1:30:34]} 7. Nc3
{[%clk 1:21:59]} Bb7 {[%clk 1:30:34]} 8. d3 {[%clk 1:21:33]} Be7 {[%clk 1:30:39]}
9. Bf4 {[%clk 1:21:27]} a6 {[%clk 1:30:46]} 10. O-O {[%clk 1:19:43]} Nf6
{[%clk 1:30:37]} 11. Rfe1 {[%clk 1:16:00]} d5 {[%clk 1:30:41]} 12. exd5
{[%clk 1:13:47]} Nxd5 {[%clk 1:31:02]} 13. Be5 {[%clk 1:07:25]} h5
{[%clk 1:30:12]} 14. Ne4 {[%clk 1:00:59]} b5 {[%clk 1:29:41]} 15. Qb3
{[%clk 1:00:27]} O-O {[%clk 1:27:54]} 16. c4 {[%clk 0:59:11]} Nb4
{[%clk 1:21:43]} 17. Rad1 {[%clk 0:55:37]} Nc6 {[%clk 1:21:07]} 18. Bf4
{[%clk 0:49:04]} Nd4 {[%clk 1:20:14]} 19. Nxd4 {[%clk 0:48:13]} cxd4
{[%clk 1:20:39]} 20. cxb5 {[%clk 0:47:31]} Bd5 {[%clk 1:21:03]} 21. Qa4
{[%clk 0:44:36]} f5 {[%clk 1:21:05]} 22. Ng3 {[%clk 0:43:53]} axb5
{[%clk 1:20:48]} 23. Qxb5 {[%clk 0:43:17]} h4 {[%clk 1:18:33]} 24. Ne2
{[%clk 0:40:02]} Bd6 {[%clk 1:18:46]} 25. Bxd6 {[%clk 0:39:53]} Qxd6
{[%clk 1:19:15]} 26. b4 {[%clk 0:34:42]} Rf6 {[%clk 1:18:04]} 27. Nxd4
{[%clk 0:32:03]} Rg6 {[%clk 1:18:26]} 28. f3 {[%clk 0:27:38]} Rxa2
{[%clk 1:17:31]} 29. Re2 {[%clk 0:20:25]} Rxe2 {[%clk 1:17:43]} 30. Nxe2
{[%clk 0:20:32]} Bxf3 {[%clk 1:18:04]} 31. Kf2 {[%clk 0:19:16]} Bc6
{[%clk 1:17:17]} 32. Qc5 {[%clk 0:18:11]} Rxg2+ {[%clk 1:17:33]} 33. Kf1
{[%clk 0:17:32]} Qxh2 {[%clk 1:17:32]} 34. Qe3 {[%clk 0:16:09]} Bd5
{[%clk 1:16:41]} 35. Ke1 {[%clk 0:15:28]} f4 {[%clk 1:16:39]} 36. Qe5
{[%clk 0:15:07]} f3 {[%clk 1:15:23]} 37. Qxh2 {[%clk 0:14:30]} Rxh2
{[%clk 1:15:49]} 38. Nf4 {[%clk 0:12:45]} h3 {[%clk 1:16:03]} 39. Nxd5
{[%clk 0:11:11]} exd5 {[%clk 1:16:06]} 40. b5 {[%clk 0:41:31]} Re2+
{[%clk 1:46:20]} 41. Kf1 {[%clk 0:41:41]} h2 {[%clk 1:46:48]} 0-1

[Event "World Chess Olympiad 2018"]
[Site "Batumi"]
[Date "2018.09.27"]
[Round "4"]
[Board "1"]
[WhiteFideId "1126768"]
[White "Belzo Krzysztof"]
[BlackFideId "22400052"]
[Black "Gadeanang Andrew"]
[Result "1-0"]
[LiveChessVersion "1.4.8"]
[BlackElo "1551"]
[WhiteElo "2057"]

1. c4 {[%clk 1:30:56]} Nf6 {[%clk 1:29:54]} 2. g3 {[%clk 1:31:23]} Nc6
{[%clk 1:30:07]} 3. Bg2 {[%clk 1:31:49]} e6 {[%clk 1:30:17]} 4. Nc3
{[%clk 1:31:50]} Be7 {[%clk 1:29:57]} 5. Nf3 {[%clk 1:32:02]} O-O
{[%clk 1:30:13]} 6. O-O {[%clk 1:32:24]} h6 {[%clk 1:29:57]} 7. d4
{[%clk 1:32:39]} d5 {[%clk 1:28:29]} 8. cxd5 {[%clk 1:29:25]} exd5
{[%clk 1:28:40]} 9. Ne5 {[%clk 1:29:19]} Nxe5 {[%clk 1:27:06]} 10. dxe5
{[%clk 1:29:45]} Ng4 {[%clk 1:27:51]} 11. Qxd5 {[%clk 1:28:59]} c6
{[%clk 1:26:52]} 12. Qe4 {[%clk 1:24:18]} f6 {[%clk 1:27:01]} 13. exf6
{[%clk 1:23:03]} Rxf6 {[%clk 1:24:12]} 14. h3 {[%clk 1:21:39]} Bf5
{[%clk 1:24:12]} 15. Qc4+ {[%clk 1:16:41]} Be6 {[%clk 1:24:35]} 16. Qe4
{[%clk 1:17:01]} Bf5 {[%clk 1:24:46]} 17. Qa4 {[%clk 1:17:25]} Ne5
{[%clk 1:24:52]} 18. Qb3+ {[%clk 1:16:31]} Kh8 {[%clk 1:23:45]} 19. Qxb7
{[%clk 1:16:43]} Bc5 {[%clk 1:23:40]} 20. Bf4 {[%clk 1:12:22]} Rf7
{[%clk 1:22:58]} 21. Qa6 {[%clk 1:08:16]} Ng6 {[%clk 1:22:54]} 22. Qxc6
{[%clk 1:06:37]} Rc8 {[%clk 1:23:11]} 23. Qd5 {[%clk 1:02:33]} Qf8
{[%clk 1:22:21]} 24. e3 {[%clk 0:39:11]} Rd7 {[%clk 1:20:31]} 25. Qf3
{[%clk 0:37:18]} Nxf4 {[%clk 1:20:46]} 26. Qxf4 {[%clk 0:36:45]} Rd2
{[%clk 1:19:59]} 27. e4 {[%clk 0:34:52]} Rxb2 {[%clk 1:20:01]} 28. Qxf5
{[%clk 0:34:33]} Rd8 {[%clk 1:18:22]} 29. Na4 {[%clk 0:33:35]} Qxf5
{[%clk 1:17:53]} 30. exf5 {[%clk 0:33:59]} Rc2 {[%clk 1:18:07]} 31. Nxc5
{[%clk 0:34:15]} Rxc5 {[%clk 1:18:21]} 32. Be4 {[%clk 0:33:47]} Re5
{[%clk 1:17:58]} 33. f3 {[%clk 0:33:38]} Kg8 {[%clk 1:17:59]} 34. Rfd1
{[%clk 0:33:54]} Rde8 {[%clk 1:17:40]} 35. Rd7 {[%clk 0:34:19]} R8e7
{[%clk 1:17:32]} 36. Rxe7 {[%clk 0:34:36]} Rxe7 37. Rb1 {[%clk 0:34:43]} Kf8
{[%clk 1:18:02]} 38. Rb7 {[%clk 0:34:37]} Kf7 {[%clk 1:18:08]} 39. Rxe7+
{[%clk 0:34:39]} Kxe7 {[%clk 1:18:30]} 40. Kf2 {[%clk 1:05:01]} Kf6
{[%clk 1:48:47]} 41. Ke3 {[%clk 1:05:24]} Ke5 {[%clk 1:49:08]} 42. f4+
{[%clk 1:05:41]} Kf6 {[%clk 1:49:36]} 43. Kd4 {[%clk 1:06:02]} Ke7
{[%clk 1:49:54]} 1-0

[Event "World Chess Olympiad 2018"]
[Site "Batumi"]
[Date "2018.09.27"]
[Round "4"]
[Board "2"]
[WhiteFideId "22400079"]
[White "Dabuae David"]
[BlackFideId "15600017"]
[Black "Wojciechowski Paul"]
[Result "0-1"]
[LiveChessVersion "1.4.8"]
[BlackElo "1904"]
[WhiteElo "1723"]

1. e4 {[%clk 1:30:57]} c5 {[%clk 1:30:53]} 2. Nf3 {[%clk 1:31:23]} d6
{[%clk 1:31:17]} 3. d4 {[%clk 1:31:45]} cxd4 {[%clk 1:31:41]} 4. Nxd4
{[%clk 1:32:10]} Nf6 {[%clk 1:32:03]} 5. Nc3 {[%clk 1:32:38]} a6 {[%clk 1:32:21]}
6. g3 {[%clk 1:33:01]} e5 {[%clk 1:27:40]} 7. Nb3 {[%clk 1:33:26]} Be7
{[%clk 1:26:15]} 8. Bg2 {[%clk 1:33:54]} Be6 {[%clk 1:23:34]} 9. O-O
{[%clk 1:34:15]} Nbd7 {[%clk 1:17:59]} 10. h3 {[%clk 1:32:41]} O-O
{[%clk 1:14:09]} 11. Be3 {[%clk 1:33:07]} Rc8 {[%clk 1:08:31]} 12. f4
{[%clk 1:33:07]} Nb6 {[%clk 0:44:38]} 13. f5 {[%clk 1:31:16]} Bd7
{[%clk 0:38:12]} 14. Nd2 {[%clk 1:31:28]} Bc6 {[%clk 0:33:49]} 15. g4
{[%clk 1:28:35]} Nfd7 {[%clk 0:29:35]} 16. a4 {[%clk 1:25:10]} a5
{[%clk 0:26:20]} 17. Qf3 {[%clk 1:25:21]} Nc5 {[%clk 0:25:01]} 18. Bxc5
{[%clk 1:23:27]} dxc5 {[%clk 0:25:16]} 19. Rfd1 {[%clk 1:22:15]} Qc7
{[%clk 0:21:18]} 20. Nb3 {[%clk 1:22:28]} Nc4 {[%clk 0:21:12]} 21. Nb5
{[%clk 1:20:14]} Bxb5 {[%clk 0:20:49]} 22. axb5 {[%clk 1:20:12]} b6
{[%clk 0:20:13]} 23. Nd2 {[%clk 1:19:55]} Nxb2 {[%clk 0:15:26]} 24. Rdb1
{[%clk 1:20:12]} Bg5 {[%clk 0:15:30]} 25. Qc3 {[%clk 1:18:41]} Bxd2
{[%clk 0:15:02]} 26. Qxd2 {[%clk 1:19:09]} Nc4 {[%clk 0:14:19]} 27. Qe2
{[%clk 1:19:17]} Nd6 {[%clk 0:14:28]} 28. Rd1 {[%clk 1:18:46]} Rcd8
{[%clk 0:12:10]} 29. c4 {[%clk 1:18:30]} Nc8 {[%clk 0:10:12]} 30. Rd5
{[%clk 1:05:32]} Ne7 {[%clk 0:10:20]} 31. Re1 {[%clk 1:04:06]} Nxd5
{[%clk 0:08:55]} 32. exd5 {[%clk 1:04:32]} f6 {[%clk 0:07:51]} 33. Be4
{[%clk 1:04:35]} Qd6 {[%clk 0:06:50]} 34. Ra1 {[%clk 1:04:54]} Rf7
{[%clk 0:06:31]} 35. Ra3 {[%clk 1:05:21]} Ra7 {[%clk 0:06:34]} 36. h4
{[%clk 1:05:47]} Qe7 {[%clk 0:05:53]} 37. Qg2 {[%clk 1:06:04]} Rd6
{[%clk 0:05:55]} 38. g5 {[%clk 1:06:13]} Kh8 {[%clk 0:04:55]} 39. Rg3
{[%clk 1:06:37]} a4 {[%clk 0:04:53]} 40. Ra3 {[%clk 1:35:15]} Ra8
{[%clk 0:33:44]} 41. Qa2 {[%clk 1:33:36]} fxg5 {[%clk 0:32:57]} 42. h5
{[%clk 1:31:14]} g4 {[%clk 0:27:43]} 43. Qh2 {[%clk 1:23:25]} Ra5
{[%clk 0:23:51]} 44. Qg3 {[%clk 1:22:17]} h6 {[%clk 0:23:14]} 45. Qxg4
{[%clk 1:21:47]} Qg5 {[%clk 0:23:20]} 46. Qxg5 {[%clk 1:22:14]} hxg5
{[%clk 0:23:46]} 47. Kg2 {[%clk 1:21:42]} Kg8 {[%clk 0:13:55]} 48. Kf3
{[%clk 1:22:11]} Kf7 {[%clk 0:14:12]} 49. Kg4 {[%clk 1:22:27]} Kf6
{[%clk 0:14:32]} 50. Bb1 {[%clk 1:17:20]} Rd8 {[%clk 0:13:48]} 51. Rh3
{[%clk 1:10:55]} a3 {[%clk 0:12:33]} 52. h6 {[%clk 1:11:22]} a2 {[%clk 0:11:40]}
53. Bxa2 {[%clk 1:11:18]} Rxa2 {[%clk 0:12:00]} 54. hxg7 {[%clk 1:11:16]} Rg2+
{[%clk 0:11:30]} 55. Rg3 {[%clk 1:09:48]} Rxg3+ {[%clk 0:11:44]} 56. Kxg3
{[%clk 1:10:17]} 0-1

[Event "World Chess Olympiad 2018"]
[Site "Batumi"]
[Date "2018.09.27"]
[Round "4"]
[Board "3"]
[WhiteFideId "15600106"]
[White "Mooney Graham"]
[BlackFideId "22400010"]
[Black "Dube Rene"]
[Result "1/2-1/2"]
[LiveChessVersion "1.4.8"]
[BlackElo "1743"]
[WhiteElo "1892"]

1. e4 {[%clk 1:30:49]} d5 {[%clk 1:30:43]} 2. exd5 {[%clk 1:31:04]} Nf6
{[%clk 1:30:53]} 3. d4 {[%clk 1:30:27]} Nxd5 {[%clk 1:30:57]} 4. c4
{[%clk 1:29:33]} Nf6 {[%clk 1:31:08]} 5. Nc3 {[%clk 1:29:07]} Bf5
{[%clk 1:30:43]} 6. Nf3 {[%clk 1:28:32]} e6 {[%clk 1:30:32]} 7. Bg5
{[%clk 1:23:40]} Be7 {[%clk 1:30:31]} 8. Be2 {[%clk 1:19:45]} O-O
{[%clk 1:29:46]} 9. O-O {[%clk 1:19:31]} Nc6 {[%clk 1:26:30]} 10. Qd2
{[%clk 1:13:15]} Ne4 {[%clk 1:19:58]} 11. Nxe4 {[%clk 1:10:10]} Bxe4
{[%clk 1:19:54]} 12. Bxe7 {[%clk 1:09:55]} Qxe7 {[%clk 1:14:53]} 13. Qe3
{[%clk 1:10:24]} Bg6 {[%clk 1:03:17]} 14. a3 {[%clk 1:06:47]} Rad8
{[%clk 1:02:05]} 15. Rad1 {[%clk 1:05:36]} Rd7 {[%clk 0:53:13]} 16. Rd2
{[%clk 1:04:37]} Rfd8 {[%clk 0:51:52]} 17. Rfd1 {[%clk 0:59:53]} Bh5
{[%clk 0:42:37]} 18. Ne5 {[%clk 0:46:47]} Nxe5 {[%clk 0:32:26]} 19. dxe5
{[%clk 0:46:52]} Bxe2 {[%clk 0:30:27]} 20. Qxe2 {[%clk 0:46:07]} c5
{[%clk 0:25:35]} 21. Rxd7 {[%clk 0:40:40]} Rxd7 {[%clk 0:25:45]} 22. Rxd7
{[%clk 0:40:14]} Qxd7 {[%clk 0:26:07]} 23. h4 {[%clk 0:40:28]} Qd4
{[%clk 0:24:38]} 24. h5 {[%clk 0:40:35]} h6 {[%clk 0:22:51]} 25. g3
{[%clk 0:40:22]} a6 {[%clk 0:17:16]} 26. Kg2 {[%clk 0:39:22]} Qd7
{[%clk 0:16:03]} 27. Qf3 {[%clk 0:38:32]} Kf8 {[%clk 0:13:56]} 28. Qe4
{[%clk 0:36:30]} Kg8 {[%clk 0:13:03]} 29. Qe3 {[%clk 0:36:15]} Qc6+
{[%clk 0:12:35]} 30. Kg1 {[%clk 0:36:19]} b5 {[%clk 0:12:43]} 31. cxb5
{[%clk 0:34:21]} axb5 {[%clk 0:12:19]} 32. Qe2 {[%clk 0:32:11]} c4
{[%clk 0:10:11]} 33. Qe3 {[%clk 0:28:20]} Qd5 {[%clk 0:07:26]} 1/2-1/2

[Event "World Chess Olympiad 2018"]
[Site "Batumi"]
[Date "2018.09.27"]
[Round "4"]
[Board "1"]
[WhiteFideId "20700245"]
[White "Hlophe Smilo"]
[BlackFideId "19900058"]
[Black "Gueye Elhadji Gorgui"]
[Result "1-0"]
[LiveChessVersion "1.4.8"]
[BlackElo "2026"]
[WhiteElo "1608"]

1. Nf3 {[%clk 1:30:58]} Nf6 {[%clk 1:30:52]} 2. c4 {[%clk 1:31:25]} c5
{[%clk 1:30:48]} 3. Nc3 {[%clk 1:31:43]} g6 {[%clk 1:30:59]} 4. g3
{[%clk 1:32:10]} Bg7 {[%clk 1:31:06]} 5. Bg2 {[%clk 1:32:39]} O-O
{[%clk 1:31:28]} 6. O-O {[%clk 1:32:57]} d6 {[%clk 1:31:56]} 7. d3
{[%clk 1:33:11]} Nc6 {[%clk 1:32:21]} 8. Bf4 {[%clk 1:30:03]} a6 {[%clk 1:28:11]}
9. Qd2 {[%clk 1:23:46]} Re8 {[%clk 1:25:11]} 10. Bh6 {[%clk 1:20:55]} Bh8
{[%clk 1:25:30]} 11. h3 {[%clk 1:21:09]} Rb8 {[%clk 1:24:48]} 12. a4
{[%clk 1:19:32]} Bd7 {[%clk 1:23:34]} 13. Qf4 {[%clk 1:08:04]} Nh5
{[%clk 1:20:25]} 14. Qd2 {[%clk 1:07:46]} Nd4 {[%clk 1:00:01]} 15. Nxd4
{[%clk 1:06:43]} Bxd4 {[%clk 0:59:52]} 16. e3 {[%clk 1:06:32]} Bh8
{[%clk 1:00:11]} 17. d4 {[%clk 1:06:14]} cxd4 {[%clk 1:00:12]} 18. exd4
{[%clk 1:06:42]} Qa5 {[%clk 0:56:10]} 19. Rfe1 {[%clk 0:56:36]} Qb4
{[%clk 0:50:07]} 20. Qd3 {[%clk 0:47:58]} Nf6 {[%clk 0:47:07]} 21. g4
{[%clk 0:45:57]} e6 {[%clk 0:37:50]} 22. Bd2 {[%clk 0:36:52]} Qb6
{[%clk 0:35:34]} 23. Be3 {[%clk 0:37:08]} Qc7 {[%clk 0:34:22]} 24. Rac1
{[%clk 0:29:07]} Rbc8 {[%clk 0:26:38]} 25. b3 {[%clk 0:29:27]} Qb8
{[%clk 0:22:16]} 26. Ne2 {[%clk 0:24:03]} e5 {[%clk 0:20:55]} 27. dxe5
{[%clk 0:22:29]} dxe5 {[%clk 0:21:05]} 28. g5 {[%clk 0:22:34]} Bf5
{[%clk 0:21:20]} 29. Qd2 {[%clk 0:21:17]} Ne4 {[%clk 0:15:39]} 30. Qb4
{[%clk 0:19:05]} Qc7 {[%clk 0:09:23]} 31. c5 {[%clk 0:16:57]} a5 {[%clk 0:06:50]}
32. Qc4 {[%clk 0:16:34]} Qd7 {[%clk 0:06:30]} 33. Bxe4 {[%clk 0:16:15]} Bxh3
{[%clk 0:06:53]} 34. Ng3 {[%clk 0:15:35]} Be6 {[%clk 0:07:11]} 35. Qc2
{[%clk 0:15:21]} Bg7 {[%clk 0:07:05]} 36. Red1 {[%clk 0:11:31]} Qc7
{[%clk 0:06:52]} 37. Bd5 {[%clk 0:10:40]} Bg4 {[%clk 0:06:29]} 38. Re1
{[%clk 0:08:36]} e4 {[%clk 0:04:24]} 39. Nxe4 {[%clk 0:05:08]} Be5
{[%clk 0:01:34]} 40. Nf6+ {[%clk 0:35:10]} Bxf6 {[%clk 0:31:36]} 41. gxf6
{[%clk 0:35:39]} Qe5 {[%clk 0:28:41]} 42. Qc4 {[%clk 0:30:40]} Be6
{[%clk 0:23:59]} 43. Bxe6 {[%clk 0:31:00]} Rxe6 {[%clk 0:24:26]} 44. Qh4
{[%clk 0:26:00]} Rd8 {[%clk 0:19:51]} 45. Bg5 {[%clk 0:21:06]} Qxe1+
{[%clk 0:13:08]} 46. Rxe1 {[%clk 0:21:27]} Rxe1+ {[%clk 0:13:23]} 47. Kg2
{[%clk 0:21:50]} h5 {[%clk 0:13:48]} 48. Be3 {[%clk 0:21:52]} Rdd1
{[%clk 0:11:22]} 49. Qf4 1-0

[Event "World Chess Olympiad 2018"]
[Site "Batumi"]
[Date "2018.09.27"]
[Round "4"]
[Board "1"]
[WhiteFideId "15800059"]
[White "Banlock Benjamin Didier"]
[BlackFideId "21200149"]
[Black "Ephoevi-Ga Adama Mawulikplimi"]
[Result "1-0"]
[LiveChessVersion "1.4.8"]
[BlackElo "1848"]
[WhiteElo "2058"]

1. d4 {[%clk 1:30:58]} d5 {[%clk 1:30:50]} 2. Nf3 {[%clk 1:31:21]} Nf6
{[%clk 1:30:38]} 3. Bg5 {[%clk 1:30:45]} c6 {[%clk 1:29:31]} 4. Nbd2
{[%clk 1:29:02]} Bf5 {[%clk 1:25:22]} 5. e3 {[%clk 1:26:14]} Nbd7
{[%clk 1:23:08]} 6. Be2 {[%clk 1:26:09]} h6 {[%clk 1:22:47]} 7. Bh4
{[%clk 1:25:29]} e6 {[%clk 1:20:50]} 8. Ne5 {[%clk 1:20:20]} Be7 {[%clk 1:19:01]}
9. O-O {[%clk 1:16:49]} Nxe5 {[%clk 1:15:46]} 10. dxe5 {[%clk 1:16:47]} Nd7
{[%clk 1:15:01]} 11. Bg3 {[%clk 1:12:36]} Qc7 {[%clk 1:10:27]} 12. Nf3
{[%clk 1:10:46]} g5 {[%clk 1:05:32]} 13. c4 {[%clk 1:06:27]} O-O {[%clk 0:54:57]}
14. cxd5 {[%clk 1:01:52]} cxd5 {[%clk 0:55:00]} 15. Nd4 {[%clk 1:00:43]} Bg6
{[%clk 0:47:59]} 16. Kh1 {[%clk 0:51:43]} Rac8 {[%clk 0:43:11]} 17. f4
{[%clk 0:49:32]} Qb6 {[%clk 0:40:16]} 18. f5 {[%clk 0:41:57]} exf5
{[%clk 0:35:01]} 19. Nxf5 {[%clk 0:32:33]} Bxf5 {[%clk 0:32:41]} 20. Rxf5
{[%clk 0:32:56]} Qxe3 {[%clk 0:26:03]} 21. Bg4 {[%clk 0:31:00]} Qe4
{[%clk 0:20:20]} 22. Rf1 {[%clk 0:30:37]} Rc2 {[%clk 0:13:04]} 23. Bf3
{[%clk 0:28:43]} Qg6 {[%clk 0:11:14]} 24. Qxd5 {[%clk 0:23:50]} Qe6
{[%clk 0:09:05]} 25. Qd1 {[%clk 0:22:24]} Rxb2 {[%clk 0:06:34]} 26. Bd5
{[%clk 0:20:23]} Qb6 {[%clk 0:04:27]} 27. Qh5 {[%clk 0:18:09]} Nb8
{[%clk 0:01:00]} 28. Bxf7+ {[%clk 0:17:41]} Kh7 {[%clk 0:01:12]} 29. e6
{[%clk 0:17:45]} 1-0